000 00749nam a2200205Ia 4500
003 GCL
008 140319s9999 xx 000 0 ara d
040 _aGCL /
_cGCL
082 0 4 _aط
_b001.2
_bش د
100 1 _aالشركة الشرقية للمطبوعات
245 1 0 _aديزنى وعالمه العجيب من المعرفة : الاكتشافات /
_cالشركة الشرقية للمطبوعات
250 _aالاولى
260 _aبيروت :
_bالشركة الشرقية للمطبوعات ،
_c0
300 _a123ص ؛
_c30سم
650 0 4 _aالاكتشافات
650 0 4 _aالمعارف العامة
650 0 4 _aالاكتشافات العلمية
650 0 4 _aالمعرفة - موسوعات
942 _2ddc
_cREF
999 _c59594
_d59594